Bundeskanzler Deutschlands - Statistiken

Allgemein
  • Dieses Quiz wurde 116.263 mal gespielt
    35.387 seit der letzten Aktualisierung
  • Das Durchschnittsergebnis liegt bei 8 aus 10
Antwortstatistiken
Partei Zeitraum Kanzler % Korrekt
CDU 2005-2021 Angela Merkel
99%
CDU seit 2025 Friedrich Merz
98%
SPD 2021-2025 Olaf Scholz
98%
CDU 1949-1963 Konrad Adenauer
93%
CDU 1982-1998 Helmut Kohl
86%
SPD 1974-1982 Helmut Schmidt
77%
SPD 1998-2005 Gerhard Schröder
76%
SPD 1969-1974 Willy Brandt
74%
CDU 1963-1966 Ludwig Erhard
53%
CDU 1966-1969 Kurt Georg Kiesinger
52%
Keine übereinstimmenden Quizze gefunden
Verteilung der Resultate
Anzahl Personen mit jedem Resultat
Perzentil nach korrekt beantworteten Fragen
Ihre Resultats-Entwicklung
Sie haben dieses Quiz seit der letzten Aktualisierung nicht gespielt